000 01147nam a2200313 i 4500
003 EG-GICUC
005 20260409211820.0
008 260409s1986 ua d|||fr|||| 00| 0 ara d
040 _a EG-GICUC
_bara
_c EG-GICUC
_d EG-GICUC
_erda
041 _aAra
082 0 4 _221
_a343.6
_bف ق
092 0 4 _221
099 _aLaw1 10 343.6 ف ق 1986
245 0 2 _aالفقر والجريمة.
264 1 _aالرياض :
_bالمركز العربى للدراسات الأمنية والتدريب،
_c1986.
264 3 _bمطابع الشرق الأوسط
300 _a81 صفحة :
_b؛جداول
_c24 سم
336 _2rda content
_atext
337 _2rda media
_aComputer
338 _2rda carrier
_aOnline Resource
500 _aأبحاث الندوة العلمية الثالثة الخطة الأمنية الوقائية العربية الاوه
546 _aالنص باللغة العربية
650 1 _aعلم الإجرام
_2qrmak
650 1 _aالقانون الجنائى
_2qrmak
651 1 _2qrmak
856 4 0 _uhttps://fll.law.cu.edu.eg/fulltext/bks/B10-07145.pdf
905 _a54
942 _2ddc
_cBK
_e21
_n0
999 _c69914
_d69914